Rob Boy /
Shranjeno v:
| Glavni avtor: | |
|---|---|
| Format: | Sách giấy |
| Jezik: | English |
| Izdano: |
London :
J. M. Dent & Sons,
1962.
|
| Oznake: |
Označite
Brez oznak, prvi označite!
|
| Thư viện lưu trữ: | Thư viện Trường Đại học Đà Lạt |
|---|
| LEADER | 00620nam a2200265 4500 | ||
|---|---|---|---|
| 001 | DLU100110896 | ||
| 005 | ##20100820 | ||
| 040 | # | # | |a DLU |b vie |
| 041 | # | # | |a eng |
| 044 | # | # | |a us |
| 082 | # | # | |a 823 |b SC-W |
| 100 | # | # | |a Scott, Walter. |
| 245 | # | # | |a Rob Boy / |c Walter Scott; preface and glossary by W. M. Parker. |
| 260 | # | # | |a London : |b J. M. Dent & Sons, |c 1962. |
| 300 | # | # | |a xix, 458 p. ; |c 19 cm. |
| 923 | # | # | |a 100/2010 |
| 992 | # | # | |a 0 |
| 994 | # | # | |a DLU |
| 900 | # | # | |a True |
| 911 | # | # | |a Lý Thị Hồng Hạnh |
| 925 | # | # | |a G |
| 926 | # | # | |a A |
| 927 | # | # | |a SH |
| 980 | # | # | |a Thư viện Trường Đại học Đà Lạt |